000 01462cam a22002175a 4500
001 L139837
008 110516s2007 xxk f f000 0 eng d
035 _a(Sirsi) u139837
041 0 _aeng
050 0 4 _a711.1 $2 18
110 1 _aUnited Kingdom
_bDepartment for Communities and Local Government
_94939
245 0 0 _aTransfer of planning appeals to inspectors
_ba consultation paper
_h[electronic resource]
260 _aLondon
_bDCLG
_c2007
520 _aPresents details of the government's proposals to enable most types of planning and enforcement appeal to be determined by inspectors. These plans were announced in the Planning White Paper 2007. Exceptions to this rule will be cases where the planning inspector's report justifies determination by the Secretary of State. The present system enforces automatic transfer to the Secretary where other persons have not been appointed. This paper argues that this represents an unnecessary duplication of effort and therefore delay. The decisions are best taken by planning inspectors in most cases. Responses are due by 5 November 2007.
590 _aKA NTK
650 2 4 _aPLANNING WHITE PAPER 2007
651 4 _aUnited Kingdom
_y
690 _aENVIRONMENTAL AND LAND CONSULTANCY-PLANNING AND DEVELOPMENT-PLANNING REFORM
856 4 0 _uhttps://www.communities.gov.uk/archived/publications/planningandbuilding/transferplanningappeals
_zView the item free of charge at www.communities.gov.uk
942 _n0
999 _c107362
_d107362